000 02050cam a22005654i 4500
003 PE-LiUPU
005 20250731180156.0
008 150616s r 000 0 d
035 _a(Sirsi) a9376
040 _aPE-LiUPU
_bspa
_cPE-LiUPU
_dPE-LiUPU
_erda
049 _aPRUA
082 0 4 _a516.24
_bS66
_221
100 1 _aSolis Taipe, Orlando,
_eautor.
245 1 0 _aTópicos de Trigonometría /
_cOrlando Solís Taipe.
264 1 _a[Lima] :
_b[1997].
300 _a131 hojas :
_bilustraciones ;
_c21 cm.
336 _atext
_2rdacontent
337 _aunmediated
_2rdamedia
338 _avolume
_2rdacarrier
500 _aTexto fotocopiado.
504 _aBibliografía: Hoja final.
505 0 _aTrigonometría.- Sistemas de medidas angulares.- Razones trigonométricas.- Identidades trigonométricas.- Factorial de un número.
526 _aSEG44
526 _aSEG26
526 _aP159
526 _aP155
526 _aP154
526 _aP153
526 _aP150
526 _aP100
526 _aP31
526 _aP30
526 _aP26
526 _aP25
526 _aP24
526 _aP22
526 _aP15
526 _aP10
541 _Educación primaria;
650 0 4 _aTrigonometría
_vTextos.
910 _ajck
_bjvq
_cjck
942 _2ddc
_cBOOK
949 _a516.24 S66
_wDEWEY
_c1
_i48953
_lCCODEBUL1
_mBUL
_p00.00
_r0
_sY
_tBOOK
_u19970704
_xEDUCACION
_PP20
_0COMPRA
_o.STAFF. Colección General
949 _a516.24 S66
_wDEWEY
_c2
_i42852
_lCCODEBUL1
_mBUL
_p00.00
_r0
_sY
_tBOOK
_u19970704
_xEDUCACION
_PP20
_0COMPRA
_o.STAFF. Colección General
994 _aC0
_bPEPRU
596 _a1
999 _a516.24 S66
_wDEWEY
_c60821
_i48953
_d60821
_f2019-12-11
_g5
_lREPAIR
_mBUL
_q1
_r0
_sY
_tBOOK
_u2015-6-16
_xEDUCACION
_PP20
_0COMPRA
_o.STAFF. Colección General
999 _a516.24 S66
_wDEWEY
_c2
_i42852
_f2019-12-13
_g5
_lCCODEBUL1
_mBUL
_p5.00
_r0
_sY
_tBOOK
_u2015-6-16
_xEDUCACION
_PP20
_0COMPRA
_o.STAFF. Colección General
980 _81
_gALBERTO SANCHEZ Responsable de Automatización